Microprocessors and microcomputer based system design (Record no. 176485)
[ view plain ]
| 000 -LEADER | |
|---|---|
| fixed length control field | 00806 a2200181 4500 |
| 003 - CONTROL NUMBER IDENTIFIER | |
| control field | Nust |
| 005 - DATE AND TIME OF LATEST TRANSACTION | |
| control field | 20170207152526.0 |
| 020 ## - INTERNATIONAL STANDARD BOOK NUMBER | |
| International Standard Book Number | 8185461074 |
| 040 ## - CATALOGING SOURCE | |
| Transcribing agency | Nust |
| 082 ## - DEWEY DECIMAL CLASSIFICATION NUMBER | |
| Classification number | 004.16 |
| 100 ## - MAIN ENTRY--PERSONAL NAME | |
| Personal name | Rafiquzzaman, Mohammad |
| 245 ## - TITLE STATEMENT | |
| Title | Microprocessors and microcomputer based system design |
| Statement of responsibility, etc. | Mohamed Rafiquzzaman |
| 260 ## - PUBLICATION, DISTRIBUTION, ETC. | |
| Place of publication, distribution, etc. | New Delhi |
| Name of publisher, distributor, etc. | Universal |
| Date of publication, distribution, etc. | 1990 |
| 300 ## - PHYSICAL DESCRIPTION | |
| Extent | 1075 |
| 505 ## - FORMATTED CONTENTS NOTE | |
| Formatted contents note | Introduction To Microprocessors And Microcomputer Based Design (Page-1), Intel 8085 (Page-73), Intel 8086 (Page-167), Intel 80186/80286/80386 (Page-305), Motorola MC68000 (Page-399), Motorola MC68020 (Page-549), Mc68020- Advanced Topics (Page-665), Motorola MC68030 And MC88100 (Page-743), Peripheral Interfacing (Page-835), Design Problem (Page-911) |
| 538 ## - SYSTEM DETAILS NOTE | |
| System details note | Almirah No. 2 and Shelf No. 4 |
| 650 ## - SUBJECT ADDED ENTRY--TOPICAL TERM | |
| Topical term or geographic name entry element | Microcomputer |
| 942 ## - ADDED ENTRY ELEMENTS (KOHA) | |
| Source of classification or shelving scheme | |
| Koha item type | Book |
| Withdrawn status | Lost status | Source of classification or shelving scheme | Damaged status | Not for loan | Collection code | Permanent Location | Current Location | Date acquired | Total Checkouts | Full call number | Barcode | Date last seen | Price effective from | Koha item type |
|---|---|---|---|---|---|---|---|---|---|---|---|---|---|---|
| Military College of Signals (MCS) | Military College of Signals (MCS) | 12/12/2016 | 004.16 RAF | MCS2550 | 12/08/2016 | 12/12/2016 | Book |
